Vocabulary Words Ending in M - Statistics

General Stats
  • This quiz has been taken 195 times
  • The average score is 18 of 26
Answer Stats
clue word % Correct
F antonym of to from
94%
J fruit-flavored toast spread jam
94%
U what soldiers, nurses and police all wear uniform
89%
A consists of electrons orbiting protons atom
88%
C contraceptive device condom
87%
D musical instrument drum
87%
R element discovered by the Curies in 1898 radium
87%
M computer-to-phone-line connection device modem
82%
N burning jelly used as a Vietnam War weapon napalm
78%
S hello, also peace, in Hebrew shalom
78%
O unfertilised egg, especially in humans ovum
77%
E deciduous tree variety (pictured) elm
74%
Z to travel very very fast suddenly zoom
74%
Y type of root vegetable yam
72%
H women's area within a Muslim palace harem
65%
V brand of diazepam, a sedative valium
65%
K Netherlands, Morocco and UK, for example kingdom
64%
Q minimum number required for a meeting quorum
64%
T in math, an assertion to be proved theorem
60%
G dull light; melancholy gloom
57%
P opposition to war or violence pacifism
50%
B wild uproar and chaos bedlam
48%
I weak and frail because of old age infirm
47%
W the 4th and final one ruled the UK until 1837 William
42%
L doctor on temporary assignment locum
36%
X tissue that transports water from roots to leaves xylem
30%
No matching quizzes found
Score Distribution
Percent of People with Each Score
Percentile by Number Answered
Your Score History
You have not taken this quiz